LEADER 01502nam a2200337 a 4500 001 000000048473 003 CaOOAMICUS 005 20131219103731.0 008 000508s1992 it u000 u ita r 020 $a8838236666 035 $a10847041 040 $aMSA$bita$dPUL(R) 245 02$aL'Europa crocevia :$bmemoria, cultura, responsabilitą delle Chiese /$cP. Prodi ... [et al.] ; introduzione di Giulio Conticelli. 260 $aRoma :$bEdizioni Studium,$c1992. 300 $axxi, 343 p. ;$c21 cm 490 1 $aCoscienza.$aStudi ;$v21 650 4$aChiesa e societą$zEuropa$ySec. XX.$0(OLS)http://pul/subject/14746 700 1 $aConticelli, Giulio.$0(OLS)http://pul/name/35190 700 1 $aProdi, Paolo.$0(OLS)http://pul/name/18623 830 0$aCoscienza.$pStudi ;$v21.$0(OLS)http://pul/title/9531 850 $aPUL 852 $aPUL$W1$xSL Religione 2$y84$mRH D3 117$j64585$nBK-PRI$b $qStampati altre collocazioni$B64585$CPULBib$Z2$F64585 $H $81 852 $aPUL$W1$xDP1 Fondo E. Rossi$y115$m3 A 130$j157789$a2. copia$qFondi$B157215$CPULBib$Z2$F157215 $82 941 1 $a10 941 1 $a1 961 $aINV: 69580 961 $aSul dorso collocazione ms. di E. Rossi: CP 48 996 $6020$a8838236666$9(OLS)http://pul/number/60946 996 $6245$aL'Europa crocevia :$bmemoria, cultura, responsabilitą delle Chiese$9(OLS)http://pul/title/65272 996 $6260$aRoma :$bEdizioni Studium$9(OLS)http://pul/publisher/49092 LEADER 01943nam a2200373 a 4500 001 000000171365 003 CaOOAMICUS 005 20190122120522.0 008 190122s2018 it u000 u ita r 020 $a978-88-2176-925-2* 032 $aLibriCat 040 $aPUL$bita 082 04$a347.45 110 1 $aItalia.$kLeggi, statuti, ecc.$0(OLS)http://pul/name/10145 245 10$aCodice di procedura civile commentato con CD-Rom /$cdiretto da Claudio Consolo. 250 $a6. ed. 260 $aMilanofiori Assago :$bWolters Kluwer,$c©2018. 300 $a4 v. ;$c21 cm 490 1 $aCommentari IPSOA 505 1 $av. 1. Artt. 1-162 -- v. 2. Artt. 1637-390. -- v. 3. Artt. 391-669-- v. 4.Artt.669 bis-840 ; 650 4$aProcedura civile$zItalia.$0(OLS)http://pul/subject/14566 700 1 $aConsolo, Claudio.$0(OLS)http://pul/name/52935 830 0$aCommentari IPSOA.$0(OLS)http://pul/title/133094 850 $aPUL 852 $aPUL$W1$xSL Diritto e Scienze Sociali 3$y79$m348. 45 COD 2.50.1$j195054$qDDC 21$B199954$CPULBib$Z2$F199954 $H132117 $81 852 $aPUL$W1$xSL Diritto e Scienze Sociali 3$y79$m348. 45 COD 2.50.2$j195055$qDDC 21$B199955$CPULBib$Z2$F199955 $H132118 $81 852 $aPUL$W1$xSL Diritto e Scienze Sociali 3$y79$m348. 45 COD 2.50.3$j195056$qDDC 21$B199956$CPULBib$Z2$F199956 $H132119 $81 852 $aPUL$W1$xSL Diritto e Scienze Sociali 3$y79$m348. 45 COD 2.50.4$j195057$qDDC 21$B199957$CPULBib$Z2$F199957 $H132120 $81 941 1 $a9 996 $6020$a978-88-2176-925-2*$9(OLS)http://pul/number/165629 996 $6082$a347.45$9(OLS)http://pul/classification/384 996 $6245$aCodice di procedura civile commentato con CD-Rom$9(OLS)http://pul/title/156686 996 $6260$aMilanofiori Assago :$bWolters Kluwer$9(OLS)http://pul/publisher/81463